| 000 | 00788nam a2200277Ia 4500 | ||
|---|---|---|---|
| 003 | OSt | ||
| 005 | 20221006153252.0 | ||
| 006 | a|||||r|||| 00| 0 | ||
| 007 | ta | ||
| 008 | 221006b |||||||| |||| 00| 0 kor d | ||
| 020 | _cW 18,000 | ||
| 024 | _a31,824 | ||
| 037 |
_bGift, Korean Embassy _cTextual |
||
| 040 |
_aEASL _cEASL _bkor |
||
| 041 |
_2kor _akor |
||
| 082 | _aU8.4952, P5 | ||
| 100 |
_aHANGUK MUNHWA YUSAN DAPSAHOE Au. _9663217 |
||
| 245 | 0 |
_aDapsayeohaeng-ui giljabi 15 _b Seoul |
|
| 260 |
_aKorea _bDolbegae _c2005 |
||
| 300 |
_a478p. _ccm. |
||
| 490 | _v KL | ||
| 650 | _a KL | ||
| 650 |
_aTravel guide of Seoul _9663218 |
||
| 942 |
_hU8.4952, P5 _cTEXL _2CC |
||
| 999 |
_c1099910 _d1099910 |
||